000 00198nam a2200097Ia 4500
008 240331s9999 xx 000 0 und d
082 _bROD
100 _aRodrigo,S
245 0 _aNarilathawa
942 _cL
999 _c1411
_d1411